(αντι)Παιδαγωγικό πανόραμα : ή πως η κοινωνία παράγει ανθρωπάκους
Saved in:
| Main Author: | |
|---|---|
| Format: | Book |
| Language: | Greek |
| Published: |
Αθήνα :
Σύγχρονη εκπαίδευση ,
1985
|
| Series: | Απόψεις ;
; 1 |
| Subjects: | |
| Tags: |
Add Tag
No Tags, Be the first to tag this record!
|
MARC
| LEADER | 00000nam a2200000 i 4500 | ||
|---|---|---|---|
| 001 | 1/20136 | ||
| 008 | 960926s1985 gre d | ||
| 035 | |a 1987 |b 1 |c Τσιάκαλος |l 10035957 | ||
| 040 | |a GR-MY-UA |b gre |e aacr | ||
| 041 | 0 | |a gre | |
| 082 | 0 | |a 370.9495 | |
| 100 | 1 | |a Δημολιάτης, Γιάννης Δ. | |
| 245 | 1 | 0 | |a (αντι)Παιδαγωγικό πανόραμα : |b ή πως η κοινωνία παράγει ανθρωπάκους / |c Γιάννη Δ.Δημολιάτη |
| 260 | |a Αθήνα : |b Σύγχρονη εκπαίδευση , |c 1985 | ||
| 300 | |a 78 σ. | ||
| 490 | 1 | |a Απόψεις |v ; 1 | |
| 650 | 0 | 0 | |a Education |z Greece. |
| 830 | 0 | |a Απόψεις ; |v ; 1 | |
| 852 | |a INST |b RHODES |e 19960926 |h 370.9495 ΔΗΜ |p 005400008958 |q 005400008958 |t BK |y 0 | ||
| 909 | |a Ρ |b 006843 |c 1987 | ||
| 970 | |z 2000/06/ΚΑΤΕΡΙΝΑ | ||